| 000 | 01379nam a2200397 c 4500 | ||
|---|---|---|---|
| 001 | 19776 | ||
| 003 | ES-MaCES | ||
| 005 | 20190212040009.0 | ||
| 008 | 070220s2006 sp t 010 | spa d | ||
| 017 |
_aV 4981-2006 _bDL |
||
| 020 | _a8484567494 | ||
| 035 | _aCES20070001461m | ||
| 040 |
_aES-MaCES _bspa _cES-MaCES |
||
| 245 | 0 | 3 |
_aEl régimen jurídico de la negociación colectiva en España _b: estudios en homenaje al profesor Sala Franco _ccoordinadores, Francisco Pérez de los Cobos, José Mª Goerlich |
| 260 |
_aValencia _bTirant lo Blanch _c2006 |
||
| 300 |
_a819 p. _c24 cm |
||
| 490 | 1 | _aLibros | |
| 541 | _cCompra | ||
| 650 | 4 |
_anegociación colectiva _928362 |
|
| 650 | 4 |
_aconvenio colectivo _928361 |
|
| 650 | 4 |
_alegislación del trabajo _927166 |
|
| 650 | 4 |
_aderecho del trabajo _927165 |
|
| 650 | 4 |
_aderecho jurisprudencial _929863 |
|
| 650 | 4 |
_aEspaña _926964 |
|
| 650 | 4 |
_arégimen jurídico _929894 |
|
| 653 | 1 | 0 | _aRelaciones laborales-Empleo |
| 650 | 4 |
_928369 _arelaciones laborales |
|
| 650 | 4 |
_930664 _aconcertación social |
|
| 700 | 1 |
_aSala Franco, Tomás _923048 |
|
| 700 | 1 |
_aPérez de los Cobos Orihuel, Francisco _ecol. _920747 |
|
| 700 | 1 |
_aGoerlich, Francisco J. _ecol. _913523 |
|
| 830 | 0 |
_aTirant lo Blanch libros _932173 |
|
| 902 | _aLIB Libro | ||
| 942 |
_2CES _cBK _h2.0. |
||
| 999 |
_c19776 _d19776 |
||